000
00217 a2200097 4500
020
_a
9780897297226
041
_a
spa
100
_a
Cabrera infante guillermo
245
_a
Vista del amanecer en el tropico
942
_c
BK
999
_c
10790
_d
10790